Французская революция. Т. 2: Жиронда и гора (Запись № 13574353)
[ простой вид ]
| 000 -МАРКЕР | |
|---|---|
| контрольное поле | 01443nam2a2200301 4500 |
| 001 - ИДЕНТИФИКАТОР ЗАПИСИ | |
| контрольное поле | rc\2839375 |
| 005 - ИДЕНТИФИКАТОР ВЕРСИИ | |
| контрольное поле | 20260315045725.0 |
| 035 ## - ДРУГИЕ СИСТЕМНЫЕ НОМЕРА | |
| Идентификатор записи | (NLR Aleph) 006996989 |
| 100 ## - ДАННЫЕ ОБЩЕЙ ОБРАБОТКИ | |
| Данные общей обработки | 20110628d1929 u y0rusy50 ca |
| 101 1# - ЯЗЫК РЕСУРСА | |
| Язык текста, звукозаписи и т.д. | русский |
| Язык оригинала | французский |
| 102 ## - СТРАНА ПУБЛИКАЦИИ ИЛИ ПРОИЗВОДСТВА | |
| Страна публикации | Российская Федерация |
| 105 ## - ПОЛЕ КОДИРОВАННЫХ ДАННЫХ: ТЕКСТОВЫЕ МАТЕРИАЛЫ, МОНОГРАФИЧЕСКИЕ | |
| Кодированные данные о монографическом текстовом документе | y z ||||| |
| 200 1# - ЗАГЛАВИЕ И СВЕДЕНИЯ ОБ ОТВЕТСТВЕННОСТИ | |
| Основное заглавие | Жиронда и гора |
| Первые сведения об ответственности | С предисл. Н.М. Лукина |
| Последующие сведения об ответственности | Пер. с фр. С. Лосева |
| 210 ## - ПУБЛИКАЦИЯ, РАСПРОСТРАНЕНИЕ И ДР. | |
| Место издания, распространения и т.д. | Москва |
| Имя издателя, распространителя и т. д. | Московский рабочий |
| Дата издания, распространения и т.д. | 1929 |
| 215 ## - ФИЗИЧЕСКАЯ ХАРАКТЕРИСТИКА | |
| Специфическое обозначение материала и объем | 208 с. |
| 300 ## - ОБЩИЕ ПРИМЕЧАНИЯ | |
| Текст примечания | На доб. тит. л. авт. и загл. на фр. яз.: "Albert Mathlez. La révolution française. T. 2. La gironde et la montagne" |
| 300 ## - ОБЩИЕ ПРИМЕЧАНИЯ | |
| Текст примечания | Напеч. в Москве |
| 461 #0 - УРОВЕНЬ НАБОРА | |
| Встроенное поле | 001rc\2839372 |
| -- | 2001#$aФранцузская революция$eТ. 1-3$fпроф. А. Матьез$vТ. 2 |
| -- | 700#1$aМатьез$bА.$gАльбер$f1874-1932 |
| Системный номер (АБИС) связанной записи | 5682794 |
| Автор | Матьез, А. (1874-1932) |
| Место публикации | Ленинград |
| Дата публикации | 1925-1930 |
| Первые сведения об ответственности | проф. А. Матьез |
| Имя издателя, распространителя и т.д. | Книга |
| Сведения, относящиеся к заглавию | Т. 1-3 |
| Физическая характеристика | 3 т. |
| Заглавие | Французская революция |
| Номер тома | Т. 2 |
| 702 #1 - ИМЯ ЛИЦА - ВТОРИЧНАЯ ОТВЕТСТВЕННОСТЬ | |
| Код отношения | Автор введения, предисловия, примечания и т.п. |
| Графика поля | Кириллица |
| Материалы, к которым относится поле | rus |
| Начальный элемент ввода | Лукин |
| Часть имени, кроме начального элемента ввода | Н. М. |
| Дополнения к именам, кроме дат | историк-марксист |
| Даты | 1885-1940 |
| Расширение инициалов личного имени | Николай Михайлович |
| Системный номер авторитетной/нормативной записи | 229749 |
| Идентификатор авторитетной/нормативной записи | RU\NLR\AUTH\770229805 |
| 702 #1 - ИМЯ ЛИЦА - ВТОРИЧНАЯ ОТВЕТСТВЕННОСТЬ | |
| Начальный элемент ввода | Лосев |
| Часть имени, кроме начального элемента ввода | С. |
| Код отношения | Переводчик |
| 801 #0 - ИСТОЧНИК ЗАПИСИ | |
| Страна | Российская Федерация |
| Организация | NLR |
| Правила каталогизации | psbo |
| 801 #1 - ИСТОЧНИК ЗАПИСИ | |
| Страна | Российская Федерация |
| Организация | ELAR |
| Источник данных | rusmarc |
| 852 ## - МЕСТОНАХОЖДЕНИЕ И ШИФР ХРАНЕНИЯ | |
| Идентификатор организации | NLR |
| Шифр хранения (Call Number) | 18/590(3) |
| 852 ## - МЕСТОНАХОЖДЕНИЕ И ШИФР ХРАНЕНИЯ | |
| Идентификатор организации | NLR |
| Наименование фонда или коллекции (Sub-Location Identifier) | Мф |
| Шифр хранения (Call Number) | К1/8358 |
| 942 ## - ДОПОЛНИТЕЛЬНЫЕ ЭЛЕМЕНТЫ ЗАПИСИ (АБИС) | |
| Тип экземпляра АБИС | Неопределено |
| 980 ## - КОЛЛЕКЦИЯ | |
| Название коллекции | Национальная библиография |
Нет доступных экземпляров.